00752nam a2200169 a 450000100100000000500170001000800410002702000150006804000250008308200150010824500510012326001320017430000270030695201130033395201190044699900170056500003804920201002031149.0130312s1998 dr a 000 0 spa d a9993482188 aDO-SdBNPbspacBNPHU axxxxbxxxx00aLecciones de Georges en la foresta dominicana. aSanto Domingo, :bDirección General ForestalbFondo Pro NaturalezabCentro para el Desarrollo Agropecuario y Forestal,c1998. a110 p :bil. ;c28 cm. 0010718PDaPDbPDcCTd2013-03-12iLF1l0oxxxx xxxxp38049-10r2020-06-25w2020-06-25yLFPDZNo se presta 0010718PDaPDbPDcCTd2013-03-12iLF1l0oxxxx xxxxp38049-20r2020-06-25te. 2w2020-06-25yLFPDZNo se presta c37539d37539